On Top Of The World - Imagine Dragons - All Lyrics - Statistics

General Stats
  • This quiz has been taken 50 times
  • The average score is 367 of 473
Answer Stats
Answer % Correct
a
100%
I
100%
oh-oh,
100%
oh-oh
100%
Oh-woah,
100%
the
100%
of
94%
on
94%
to
94%
top
94%
world,
94%
world
94%
I'm
92%
it
92%
for
89%
hey
89%
in,
89%
in
89%
you
89%
You
89%
'Cause
86%
'cause
86%
now
86%
now,
86%
now)
86%
while
86%
while,
86%
them
83%
they
83%
this
83%
been
81%
Been
81%
but
81%
But,
81%
But
81%
can
81%
don't
78%
down
78%
down)
78%
If
78%
if
78%
me
78%
love
75%
my
75%
smile,
75%
take
75%
Take
75%
when,
75%
when
75%
from
72%
I've
72%
know
72%
look
72%
somebody
72%
tell
72%
they're
72%
And
69%
(And
69%
here
69%
just
69%
all,
67%
all
67%
better
67%
get
67%
(Get
67%
Then
67%
then
67%
up
67%
up,
67%
up)
67%
way
67%
away
64%
have
64%
it's
64%
run
64%
Waiting
64%
waiting
64%
you're
64%
coulda
61%
dues
61%
is
61%
child
58%
highest
58%
holding
58%
long
58%
may
58%
Paying
58%
since
58%
time
58%
with
58%
dreaming
56%
mountains
56%
never
56%
deepest
53%
dirt
53%
had
53%
rivers
53%
something
53%
how
50%
Try
50%
couldn't
47%
easy
47%
well
47%
again,
44%
falling
44%
ground
44%
ground)
44%
these
44%
You'll
44%
depends
42%
hard
42%
hit
42%
keeps
42%
left
42%
life
42%
moving
42%
traveled
42%
gave
39%
out
39%
tried
39%
corners
36%
cut
36%
kept
36%
short
36%
quite
22%
No matching quizzes found
Score Distribution
Percent of People with Each Score
Percentile by Number Answered
Your Score History
You have not taken this quiz